000 00829nai a2200217Ia 4500
003 IN-BaIIA
008 211028c9999 xx s 000 0 eng d
022 _a0098-3063 (Print)
022 _a1558-4127 (Online)
040 _cIIA Library
245 0 _aIEEE Transactions on Consumer Electronics
_h[eJournal]
260 _aNew York, USA
_bThe Institute of Electrical and Electronics Engineers, Inc. (IEEE)
310 _aQuarterly
362 _aCE-21(1); 1975 - Present
521 _bSubscribed through National Knowledge Resource Consortium (NKRC)
650 _a Components, Circuits, Devices and Systems
650 _a Fields, Waves and Electromagnetics
650 _aPower, Energy and Industry Applications
856 _uhttps://ieeexplore.ieee.org/servlet/opac?punumber=30
_yClick Here to Access eJournal
942 _cEJ
999 _c34653
_d34653